000 00347 a2200109 4500
001 ART_9313
005 20260410161846.0
008 260409a
245 1 0 _aLa filosofía de "El Capital" en el centenario de Marx
100 1 _aRoces, Wenceslao
773 0 _tEl trimestre económico
_g- Vol. L, Nº 200 (oct./dic. 1983)
_wREV6933
999 _c24548
_d24548